USA States Alphabeticly - Statistics

General Stats
  • This quiz has been taken 102 times
  • The average score is 47 of 50
Answer Stats
Letter State % Correct
A Alabama
99%
A Alaska
98%
A Arizona
97%
A Arkansas
97%
C California
97%
C Colorado
95%
C Connecticut
95%
D Delaware
95%
F Florida
95%
G Georgia
95%
H Hawaii
95%
K Kentucky
95%
I Idaho
94%
I Illinois
94%
K Kansas
94%
L Louisiana
94%
M Maine
94%
M Maryland
94%
M Missouri
94%
I Indiana
93%
I Iowa
93%
M Montana
93%
N Nebraska
93%
N Nevada
93%
N New Jersey
93%
N New Mexico
93%
N New York
93%
N North Dakota
93%
O Ohio
93%
O Oregon
93%
P Pennsylvania
93%
R Rhode Island
93%
S South Dakota
93%
M Michigan
92%
M Minnesota
92%
M Mississippi
92%
N North Carolina
92%
S South Carolina
92%
T Tennessee
92%
T Texas
92%
U Utah
92%
W West Virginia
92%
M Massachusetts
91%
N New Hampshire
91%
O Oklahoma
91%
V Vermont
91%
V Virginia
91%
W Washington
91%
W Wisconsin
91%
W Wyoming
91%
No matching quizzes found
Score Distribution
Percent of People with Each Score
Percentile by Number Answered
Your Score History
You have not taken this quiz